EA SPORTS™ College Football 26 - Top 100 Players - Statistics

General Stats
  • This quiz has been taken 145 times
  • The average score is 29 of 100
Answer Stats
Answer % Correct
Jeremiah Smith
96%
Ryan Williams
92%
Caleb Downs
88%
Jeremiyah Love
87%
Drew Allar
69%
Eric Singleton Jr.
62%
Nicholas Singleton
62%
Cade Klubnik
61%
Jordyn Tyson
59%
Carson Beck
58%
LaNorris Sellers
56%
Kadyn Proctor
54%
Anthony Hill Jr.
52%
Garrett Nussmeier
52%
John Mateer
52%
Carnell Tate
51%
C.J. Allen
51%
Kaytron Allen
51%
Peter Woods
48%
Sam Leavitt
48%
T.J. Parker
47%
Brian Parker II
44%
Eli Stowers
43%
Ahmad Hardy
40%
Jermod McCoy
40%
Derrick Moore
39%
Leonard Moore
39%
Rod Moore
39%
Terry Moore
39%
Colin Simmons
38%
Elijah Sarratt
36%
Isaac Brown
35%
Jonah Coleman
34%
Rueben Bain Jr.
33%
Keldric Faulk
31%
Spencer Fano
31%
David Bailey
29%
Max Klare
29%
Chandler Rivers
28%
Eric Rivers
28%
Harold Perkins Jr.
28%
Jake Slaughter
28%
Quintrevion Wisner
28%
Suntarine Perkins
28%
D'Angelo Ponds
26%
Jacob Rodriguez
26%
Michael Taaffe
25%
Denzel Boston
24%
Koi Perich
24%
Malik Muhammad
24%
Avieon Terrell
23%
Jordan Seaton
23%
Cayden Green
22%
Dani Dennis-Sutton
22%
A.J. Harris
21%
Darius Taylor
21%
Makhi Hughes
21%
Malachi Fields
20%
Ar'maj Reed-Adams
19%
Dillon Thieneman
19%
Francis Mauigoa
19%
Jeremiah Cooper
19%
Matayo Uiagalelei
19%
Blake Miller
18%
Christen Miller
18%
Deontae Lawson
16%
Tacario Davis
16%
Isaiah World
15%
Trey White
15%
Bud Clark
14%
Dylan Stewart
14%
Tanner Koziol
13%
Bray Hubbard
12%
Desmond Reid
12%
Gabe Jacas
12%
Parker Brailsford
12%
Aaron Graves
11%
Jason Henderson
11%
Demond Claiborne
10%
KJ Bolden
10%
Kyle Louis
10%
Mikail Kamara
10%
Olaivavega Ioane
10%
Gennings Dunker
9%
Rayshaun Benny
9%
Ashton Stamps
8%
Austin Romaine
8%
Dontay Corleone
8%
Anthony Hankerson
7%
Jalen Catalon
7%
Tim Keenan III
7%
Aamil Wagner
6%
Caleb Tiernan
6%
Fernando Carmona
6%
Tomas Rimac
6%
Xavion Alford
6%
Isaiah Nwokobia
5%
Jaeden Roberts
5%
Joshua Braun
5%
Giovanni El-Hadi
4%
No matching quizzes found
Score Distribution
Percent of People with Each Score
Percentile by Number Answered
Your Score History
You have not taken this quiz